000 00514nam a2200217Ia 4500
008 101110s9999 xx 000 0 und d
041 _aENGLISH
082 _bSR24648
100 _aSahuraja R.R. and Gokhale S.W.
245 _aEconomics (FYBA)
260 _c2002
_bSheth Publishers, Mumbai
300 _a314
365 _b100
520 _aEconomics
546 _aENGLISH
630 _aEconomics (FYBA)
650 _aEconomics
655 _aEconomics
730 _aEconomics (FYBA)
942 _cBOOK
999 _c817314
_d817311